| 000 | 00684nam a22002417a 4500 | ||
|---|---|---|---|
| 005 | 20170124110253.0 | ||
| 010 | _aB-044065 | ||
| 020 |
_c335.00 _a8170296129 |
||
| 035 | _aB-044065 | ||
| 037 | _bCen Lib/Ret | ||
| 040 |
_aDPL _bEN |
||
| 082 |
_a005.43 _bTEA |
||
| 110 |
_aPC Learning Labs _999967 |
||
| 245 | _aTeachers DOS 6 & 6.2 / | ||
| 246 | _b | ||
| 260 |
_aNew Delhi _bBPB Publications _c1995 |
||
| 270 |
_bNew Delhi _aB-14, connaught place _e110001 |
||
| 300 |
_axxxiv, 474p. _c22cm(Hb) |
||
| 500 | _aIncludes index | ||
| 650 |
_aComputer science -- DOS _999968 |
||
| 650 |
_aDisck Operating Systems _999969 |
||
| 942 |
_2ddc _cEN _h005.43 _mTEA |
||
| 999 |
_c135989 _d135989 |
||